000 00735nam a2200217 i 4500
001 27601
003 ES-MaACL
005 20250929063055.0
007 t|
008 030115s1972 sp ||||1| spa d
100 1 _aAuclair, Marcelle,
_d1899-1983
_923836
245 1 0 _aHacia una vejez dichosa /
_cMarcelle Auclair ; traducción... Mercedes Lloret Compte ; ilustraciones de Etienne de la Gorce.
260 _aBarcelona :
_bIberia,
_c[1972]
300 _a290 p. :
_bil. ;
_c20 cm.
650 4 _aMujeres-
_xSalud e higiene.
_9140598
650 4 _aAncianos.
_99807
700 1 _aLloret Compte, Mercedes.
_972922
700 1 _aLa Gorce, Etiénne de.
_959132
852 _aES-MaACL
_jC-51719
_bR.82012
999 _c27601
_d27601